Quels sonts les meilleurs buteurs de la Ligue Des Champions - Statistiques

Statistiques générales
  • Ce quiz a été pris 88 fois
  • Le résultat moyen est 7 sur 10
Statistiques - réponses
Hint Réponse % Correct
1 Ronaldo (141)
100%
2 Messi (129)
99%
9 Mbappe (55)
92%
3 Lewandowski (105)
90%
4 Benzema (90)
89%
5 Raùl (71)
64%
8 Müller (57)
48%
6 Van Nistelrooy (60)
37%
10 Salah (51)
33%
7 Chevtchenko (59)
5%
Aucun quiz correspondant
Distribution des résultats
% des personnes avec chaque résultat
Percentile par nombre de réponses
Votre historique - résultats
Vous n’avez pas pris ce quiz